00679nam a2200181 4500999001300000008004100013082001400054100002500068245011400093250001200207260003800219300002200257500004700279650002700326700002700353942001200380952010500392 c614d614191030b ||||| |||| 00| 0 eng d00a620bC483 9124aCharnock, G. F.10aMechanical Technology: Being a Treatise on the Materials and Preparatory Process of the Mechanical Industries a2nd ed. aLondonbConstable & Companyc1946 axii, 724 p.bill. aincludes 529 Illustrations and 38 Tables.  0aMechanical Engineering 9125aPartington, F. W. 2ddccBK 00102ddc406620_000000000000000_C4837092667aCLbCLd1952-10-10o620 C483p00042r2019-10-30yBK